ACCOUNTING IN A BUSINESS CONTEXT (Record no. 215846)

MARC details
000 -LEADER
fixed length control field 00461nam a22001817a 4500
008 - FIXED-LENGTH DATA ELEMENTS--GENERAL INFORMATION
fixed length control field 250708b |||||||| |||| 00| 0 eng d
020 ## - INTERNATIONAL STANDARD BOOK NUMBER
International Standard Book Number 978-1-4080-3047-9
100 ## - MAIN ENTRY--PERSONAL NAME
Personal name BERRY, AIDAN
245 ## - TITLE STATEMENT
Title ACCOUNTING IN A BUSINESS CONTEXT
250 ## - EDITION STATEMENT
Edition statement 5TH
260 ## - PUBLICATION, DISTRIBUTION, ETC.
Place of publication, distribution, etc. HAMPSHIRE
Name of publisher, distributor, etc. CENGAGE LEARNING EMEA
Date of publication, distribution, etc. 2011
300 ## - PHYSICAL DESCRIPTION
Extent XVIII
500 ## - GENERAL NOTE
General note INCLUDES INDEX,
650 ## - SUBJECT ADDED ENTRY
Topical term or geographic name entry element ACCOUNTING
700 ## - ADDED ENTRY--PERSONAL NAME
Personal name JARVIS, ROBIN
942 ## - ADDED ENTRY ELEMENTS (KOHA)
Source of classification or shelving scheme Library of Congress Classification
Koha item type Long Loan Book
Holdings
Withdrawn status Lost status Source of classification or shelving scheme Damaged status Not for loan Collection Home library Current library Date acquired Inventory number Total checkouts Full call number Barcode Date last seen Copy number Price effective from Koha item type
    Library of Congress Classification     Business & Economics Kisii University Library Kisii University Library 07/08/2025 108947   HF 5635 .B47 2011 000000018202 07/08/2025 1 07/08/2025 Long Loan Book
    Library of Congress Classification     Business & Economics Kisii University Library Kisii University Library 07/08/2025 108948   HF 5635 .B47 2011 000000018203 07/08/2025 2 07/08/2025 Long Loan Book
    Library of Congress Classification     Business & Economics Kisii University Library Kisii University Library 07/08/2025 108949   HF 5635 .B47 2011 000000018308 07/08/2025 3 07/08/2025 Long Loan Book
    Library of Congress Classification     Business & Economics Kisii University Library Kisii University Library 07/08/2025 108950   HF 5635 .B47 2011 000000018307 07/08/2025 4 07/08/2025 Long Loan Book
    Library of Congress Classification     Business & Economics Kisii University Library Kisii University Library 07/08/2025 108951   HF 5635 .B47 2011 000000018306 07/08/2025 5 07/08/2025 Long Loan Book